Portugal and Spain entering the common market their industrial competitiveness revisited

Salvato in:
Dettagli Bibliografici
Autore principale: Donges, Jurgen B.
Altri autori: Schatz, Klaus-Werner
Natura: Libro
Lingua:inglese
Pubblicazione: Kiel Institut für Weltwirtschaft 1985
Serie:Working papers no. 233
Tags: Aggiungi Tag
Nessun Tag, puoi essere il primo ad aggiungerne!!

MARC

LEADER 00000nam a2200000 4500
001 c108654
005 20181203150302.6
041 0 |a eng 
044 |a DE 
245 1 0 |a Portugal and Spain entering the common market  |b their industrial competitiveness revisited  |c Juergen B. Donges, Klaus-Werner Schatz 
264 1 |a Kiel  |b Institut für Weltwirtschaft  |c 1985 
300 |a 50 s. 
490 1 |a Working papers  |v no. 233 
830 0 |a Working papers  |v no. 233 
100 1 |a Donges, Jurgen B. 
700 1 |a Schatz, Klaus-Werner